Taxmann student guide to income-tax 2010-2011 42thed (Record no. 826518)

MARC details
000 -LEADER
fixed length control field 00653nam a2200229Ia 4500
008 - FIXED-LENGTH DATA ELEMENTS--GENERAL INFORMATION
fixed length control field 101110s9999 xx 000 0 und d
041 ## - LANGUAGE CODE
Language code of text/sound track or separate title ENGLISH
082 ## - DEWEY DECIMAL CLASSIFICATION NUMBER
Item number SR34017
100 ## - MAIN ENTRY--PERSONAL NAME
Personal name Singhania Vinod K. & Singhania Monica
245 ## - TITLE STATEMENT
Title Taxmann student guide to income-tax 2010-2011 42thed
260 ## - PUBLICATION, DISTRIBUTION, ETC. (IMPRINT)
Date of publication, distribution, etc 2010
300 ## - PHYSICAL DESCRIPTION
Extent 649
365 ## - TRADE PRICE
Price amount 445
520 ## - SUMMARY, ETC.
Summary, etc Economics
520 ## - SUMMARY, ETC.
Summary, etc UGC XIth Five Year Plan 2009-2010
546 ## - LANGUAGE NOTE
Language note ENGLISH
630 ## - SUBJECT ADDED ENTRY--UNIFORM TITLE
Uniform title Taxmann student guide to income-tax 2010-2011 42thed
650 ## - SUBJECT ADDED ENTRY--TOPICAL TERM
Topical term or geographic name as entry element Economics
655 ## - INDEX TERM--GENRE/FORM
Genre/form data or focus term Economics
730 ## - ADDED ENTRY--UNIFORM TITLE
Uniform title Taxmann student guide to income-tax 2010-2011 42thed
942 ## - ADDED ENTRY ELEMENTS (KOHA)
Koha item type Book
Holdings
Withdrawn status Lost status Damaged status Not for loan Home library Current library Date acquired Source of acquisition Cost, normal purchase price Shelving control number Total Checkouts Barcode Date last seen Price effective from Koha item type
        D. B. J. College, Chiplun D. B. J. College, Chiplun   Yogesh prakashan, Pune, Bill No. 5208 dt.28/3/10 445.00     DBJSR34017 11/11/2010 11/11/2010 Book